Filosofía : mentira la verdad [dvd]
Guardado en:
| Formato: | Libro |
|---|---|
| Publicado: |
Buenos Aires :
Educ.ar,
2011
|
| Series: | Colección Ministerio de Educación
|
| Materias: | |
| Etiquetas: |
Agregar Etiqueta
Sin Etiquetas, Sea el primero en etiquetar este registro!
|
| LEADER | 00964nam a22001935a 4500 | ||
|---|---|---|---|
| 001 | CEM.cems017822 | ||
| 005 | 20130904121046.0 | ||
| 008 | 130507s2011##################000#0#####d | ||
| 003 | CEMS | ||
| 082 | 0 | 4 | |a DVD370 |
| 245 | 0 | 0 | |a Filosofía : |b mentira la verdad [dvd] |
| 260 | |a Buenos Aires : |b Educ.ar, |c 2011 | ||
| 300 | |a 1 DVD | ||
| 490 | 0 | |a Colección Ministerio de Educación | |
| 500 | |a Nivel mediolos jóvenes viven su cotidianeidad dando por supuesta una serie de condicionamientos que se vuelven invisibles en el día a día. Con la conducción de Darío Sztajnzrajber, filósofo docente, este programa intenta - desde el discurso filosófico - problematizar esos supuestos para mostrar que lo que se cree como real e inobjetable puede pensarse de otro modo. | ||
| 505 | 0 | |a La filosofía -- El orden -- Dios -- La amistad | |
| 653 | |a Filosofía | ||
| 653 | |a Filosofía-educacion secundaria | ||
| 859 | |a CEMS |b BIB. CEMS - Agricultura |h DVD370 |i Ar37 |p A0003.012 |t Ej.1 |v 3 |3 3 | ||
